000 01553nam a2200313Ia 4500
001 ebr10128975
003 CaPaEBR
006 m u
007 cr cn|||||||||
008 050624s2005 mou s 000 0 eng d
010 _z 2005018184
020 _z082621620X (alk. paper)
040 _aCaPaEBR
_cCaPaEBR
035 _a(OCoLC)191933857
050 1 4 _aPN1991.3.U6
_bE85 2005eb
100 1 _aEskenazi, Gerald.
245 1 0 _aI hid it under the sheets
_h[electronic resource] :
_bgrowing up with radio /
_cGerald Eskenazi.
260 _aColumbia :
_bUniversity of Missouri Press,
_cc2005.
300 _ax, 179 p.
490 1 _aSports and American culture series
520 _a"Personal narrative that documents radio's impact on American culture and values in the late 1930s, 1940s, and the early 1950s. Mentions the Lone Ranger, The Fat Man, and The Answer Man, and shows how important radio was to immigrants seeking to become a part of the American experience"--Provided by publisher.
533 _aElectronic reproduction.
_bPalo Alto, Calif. :
_cebrary,
_d2011.
_nAvailable via World Wide Web.
_nAccess may be limited to ebrary affiliated libraries.
650 0 _aRadio broadcasting
_zUnited States
_xHistory.
650 0 _aRadio broadcasting
_xSocial aspects
_zUnited States.
655 7 _aElectronic books.
_2local
710 2 _aebrary, Inc.
830 0 _aSports and American culture series.
856 4 0 _uhttp://site.ebrary.com/lib/rucke/Doc?id=10128975
_zAn electronic book accessible through the World Wide Web; click to view
999 _c184570
_d184570